000 01856cam a22003974a 4500
001 4049126
003 OSt
005 20211216145820.0
008 990419s1999 maua b 100 0 eng
010 _a 99030260
020 _a0412846802
038 _aKhadija
040 _aDLC
_cDLC
_dDLC
042 _apcc
050 0 0 _aTJ1180
_b.I33 1998
082 0 0 _a671.35
_221
_bMAC
100 _aOlling, Gustav J.
_986771
111 2 _aIFIP TC5 WG5.3 International Conference on Sculptured Surface Machining
_d(1998 :
_cAuburn Hills, Mich.)
_986772
245 1 0 _aMachining impossible shapes :
_bIFIP TC5 WG5.3 International Conference on Sculptured Surfaces (SSM98), November 9-11, 1998, Chrysler Technology Center, Michigan, USA /
_cedited by Gustav J. Olling, Byoung K. Choi, Robert B. Jerard.
260 _aBoston :
_bKluwer Academic,
_c1999.
300 _avii, 386 p. :
_bill. ;
_c24 cm.
490 1 _aInternational Federation for Information Processing ; 18
504 _aIncludes bibliographical references.
563 _aHB
650 0 _aMachining
_vCongresses.
_986773
650 0 _aMachine-tools
_xNumerical control
_vCongresses.
_986774
700 1 _aOlling, G.
_986775
700 1 _aChoi, Byoung K.
_986776
700 1 _aJerard, Robert B.
_986777
830 0 _aInternational Federation for Information Processing (Series) ;
_v18.
_986778
856 4 2 _3Publisher description
_uhttp://www.loc.gov/catdir/enhancements/fy0821/99030260-d.html
856 4 1 _3Table of contents only
_uhttp://www.loc.gov/catdir/enhancements/fy0821/99030260-t.html
906 _a7
_bcbc
_corignew
_d1
_eocip
_f19
_gy-gencatlg
942 _2ddc
_cBK
999 _c32707
_d32707